000 00440nam a2200181Ia 4500
001 11239
005 20260306161931.0
008 260306t1987||||xx |||||||||||||| ||spa||
041 _aESP
082 _a985.0191
_bT27
100 _aTalylor, Gerald [1933-...]
_eAUT
245 0 _aRitos y tradiciones de Huarochiri
260 _c1987
300 _a616 páginas :
_c24 cm.
650 _aGEN
654 _aCHU
942 _cLIB
_dJUS
_fJUS
_2ddc
_n
999 _c11239
_d11239